Central Library OPAC University of Rajshahi

Environment Management / (Record no. 10081)

MARC details
000 -LEADER
fixed length control field 00591nam a22002177a 4500
001 - CONTROL NUMBER
control field 10081
003 - CONTROL NUMBER IDENTIFIER
rucl marc code BD-RjUL
005 - DATE AND TIME OF LATEST TRANSACTION
control field 20211208234905.0
008 - FIXED-LENGTH DATA ELEMENTS--GENERAL INFORMATION
fixed length control field 140122s2000 ii ||| |||| 001 0 eng d
035 ## - SYSTEM CONTROL NUMBER
System control number (BD-RjUL)10128
040 ## - CATALOGING SOURCE
Original cataloging agency BD-RjUL
Language of cataloging eng
Transcribing agency BD-RjUL
041 ## - LANGUAGE CODE
Language code of text/sound track or separate title eng
082 04 - DEWEY DECIMAL CLASSIFICATION NUMBER
Edition number 21
Classification number 658.408
Author mark and year NAE
100 1# - MAIN ENTRY--PERSONAL NAME
Personal name Narayan,B
9 (RLIN) 31107
245 0# - TITLE STATEMENT
Title Environment Management /
Statement of responsibility, etc. Narayan,B
260 ## - PUBLICATION, DISTRIBUTION, ETC. (IMPRINT)
Place of publication, distribution, etc. New Delhi :
Name of publisher, distributor, etc. A.P.H. Publishing Corporation,
Date of publication, distribution, etc. 2000
300 ## - PHYSICAL DESCRIPTION
Pagination v, 319p. ;
Size 19cm.
504 ## - BIBLIOGRAPHY, ETC. NOTE
Bibliography, etc Includes Index
650 07 - SUBJECT ADDED ENTRY--TOPICAL TERM
Topical term or geographic name as entry element Environmental management.
9 (RLIN) 31108
942 ## - ADDED ENTRY ELEMENTS (KOHA)
Source of classification or shelving scheme Dewey Decimal Classification
Koha item type Books
Holdings
Lost status Source of classification or shelving scheme Damaged status Not for loan Collection code Permanent Location Current Location Shelving location Date acquired Source of acquisition Cost, normal purchase price Total Checkouts Full call number Date last seen Copy number Koha item type
  Dewey Decimal Classification     Non-fiction Central Library, University of Rajshahi Central Library, University of Rajshahi   13/12/2005 Dhaka, Paragon Enterprise Ltd. 600.00   658.408 NAE 2000 22/01/2014 C-2 Books